<?xml version="1.0" encoding="UTF-8"?>
<collection xmlns="http://www.loc.gov/MARC21/slim">
 <record>
  <leader>04826cam a2200889   4500</leader>
  <controlfield tag="001">276305213</controlfield>
  <controlfield tag="003">DE-627</controlfield>
  <controlfield tag="005">20250122234236.0</controlfield>
  <controlfield tag="007">tu</controlfield>
  <controlfield tag="008">970312s1996    xxu|||||      00| ||eng c</controlfield>
  <datafield tag="015" ind1=" " ind2=" ">
   <subfield code="a">96,N04,0800</subfield>
   <subfield code="2">dnb</subfield>
  </datafield>
  <datafield tag="015" ind1=" " ind2=" ">
   <subfield code="a">96,N04,0800</subfield>
   <subfield code="2">dnb</subfield>
  </datafield>
  <datafield tag="016" ind1="7" ind2=" ">
   <subfield code="a">943854989</subfield>
   <subfield code="2">DE-101</subfield>
  </datafield>
  <datafield tag="020" ind1=" " ind2=" ">
   <subfield code="a">0820428167</subfield>
   <subfield code="9">0-8204-2816-7</subfield>
  </datafield>
  <datafield tag="035" ind1=" " ind2=" ">
   <subfield code="a">(DE-627)276305213</subfield>
  </datafield>
  <datafield tag="035" ind1=" " ind2=" ">
   <subfield code="a">(DE-576)057778906</subfield>
  </datafield>
  <datafield tag="035" ind1=" " ind2=" ">
   <subfield code="a">(DE-599)GBV276305213</subfield>
  </datafield>
  <datafield tag="035" ind1=" " ind2=" ">
   <subfield code="a">(OCoLC)246635693</subfield>
  </datafield>
  <datafield tag="035" ind1=" " ind2=" ">
   <subfield code="a">(OCoLC)845020390</subfield>
  </datafield>
  <datafield tag="035" ind1=" " ind2=" ">
   <subfield code="a">(OCoLC)246635693</subfield>
  </datafield>
  <datafield tag="035" ind1=" " ind2=" ">
   <subfield code="a">(AT-OBV)AC01436737</subfield>
  </datafield>
  <datafield tag="040" ind1=" " ind2=" ">
   <subfield code="a">DE-627</subfield>
   <subfield code="b">ger</subfield>
   <subfield code="c">DE-627</subfield>
   <subfield code="e">rakwb</subfield>
  </datafield>
  <datafield tag="041" ind1=" " ind2=" ">
   <subfield code="a">eng</subfield>
  </datafield>
  <datafield tag="044" ind1=" " ind2=" ">
   <subfield code="c">XD-US</subfield>
   <subfield code="c">XA-CH</subfield>
   <subfield code="c">XA-DE</subfield>
  </datafield>
  <datafield tag="050" ind1=" " ind2="0">
   <subfield code="a">DG537.8.F42</subfield>
  </datafield>
  <datafield tag="082" ind1="0" ind2=" ">
   <subfield code="a">945/.67705/092</subfield>
  </datafield>
  <datafield tag="082" ind1="0" ind2=" ">
   <subfield code="a">945/.67705/092</subfield>
   <subfield code="a">B</subfield>
  </datafield>
  <datafield tag="084" ind1=" " ind2=" ">
   <subfield code="a">55</subfield>
   <subfield code="2">sdnb</subfield>
  </datafield>
  <datafield tag="084" ind1=" " ind2=" ">
   <subfield code="a">63</subfield>
   <subfield code="2">sdnb</subfield>
  </datafield>
  <datafield tag="084" ind1=" " ind2=" ">
   <subfield code="a">1</subfield>
   <subfield code="2">ssgn</subfield>
  </datafield>
  <datafield tag="084" ind1=" " ind2=" ">
   <subfield code="a">LN 10240</subfield>
   <subfield code="2">rvk</subfield>
   <subfield code="0">(DE-625)rvk/101869:</subfield>
  </datafield>
  <datafield tag="084" ind1=" " ind2=" ">
   <subfield code="a">NN 1625</subfield>
   <subfield code="2">rvk</subfield>
   <subfield code="0">(DE-625)rvk/126580:</subfield>
  </datafield>
  <datafield tag="084" ind1=" " ind2=" ">
   <subfield code="a">NN 1645</subfield>
   <subfield code="2">rvk</subfield>
   <subfield code="0">(DE-625)rvk/126593:</subfield>
  </datafield>
  <datafield tag="084" ind1=" " ind2=" ">
   <subfield code="a">18.27</subfield>
   <subfield code="2">bkl</subfield>
  </datafield>
  <datafield tag="084" ind1=" " ind2=" ">
   <subfield code="a">17.90</subfield>
   <subfield code="2">bkl</subfield>
  </datafield>
  <datafield tag="100" ind1="1" ind2=" ">
   <subfield code="8">1\p</subfield>
   <subfield code="a">Pernis, Maria Grazia</subfield>
   <subfield code="d">1927-</subfield>
   <subfield code="0">(DE-588)1057111953</subfield>
   <subfield code="0">(DE-627)79564258X</subfield>
   <subfield code="0">(DE-576)413748456</subfield>
   <subfield code="4">aut</subfield>
  </datafield>
  <datafield tag="245" ind1="1" ind2="0">
   <subfield code="a">Federico da Montefeltro and Sigismondo Malatesta</subfield>
   <subfield code="b">the eagle and the elephant</subfield>
   <subfield code="c">Maria Grazia Pernis and Laurie Schneider Adams</subfield>
  </datafield>
  <datafield tag="263" ind1=" " ind2=" ">
   <subfield code="a">Gb. : ca. DM 67.00 (freier Pr.), ca. sfr 60.00</subfield>
  </datafield>
  <datafield tag="264" ind1=" " ind2="1">
   <subfield code="a">New York</subfield>
   <subfield code="a">Washington, D.C./Baltimore</subfield>
   <subfield code="a">San Francisco</subfield>
   <subfield code="a">Bern</subfield>
   <subfield code="a">Frankfurt am Main</subfield>
   <subfield code="a">Berlin</subfield>
   <subfield code="a">Vienna</subfield>
   <subfield code="a">Paris</subfield>
   <subfield code="b">Lang</subfield>
   <subfield code="c">1996</subfield>
  </datafield>
  <datafield tag="300" ind1=" " ind2=" ">
   <subfield code="a">XV, 228 S.</subfield>
   <subfield code="b">Ill.</subfield>
  </datafield>
  <datafield tag="336" ind1=" " ind2=" ">
   <subfield code="a">Text</subfield>
   <subfield code="b">txt</subfield>
   <subfield code="2">rdacontent</subfield>
  </datafield>
  <datafield tag="337" ind1=" " ind2=" ">
   <subfield code="a">ohne Hilfsmittel zu benutzen</subfield>
   <subfield code="b">n</subfield>
   <subfield code="2">rdamedia</subfield>
  </datafield>
  <datafield tag="338" ind1=" " ind2=" ">
   <subfield code="a">Band</subfield>
   <subfield code="b">nc</subfield>
   <subfield code="2">rdacarrier</subfield>
  </datafield>
  <datafield tag="490" ind1="1" ind2=" ">
   <subfield code="a">Studies in Italian culture</subfield>
   <subfield code="v">20</subfield>
  </datafield>
  <datafield tag="500" ind1=" " ind2=" ">
   <subfield code="a">Literaturverz. S. [201] - 222</subfield>
  </datafield>
  <datafield tag="583" ind1="1" ind2=" ">
   <subfield code="a">Archivierung prüfen</subfield>
   <subfield code="c">20200919</subfield>
   <subfield code="f">DE-640</subfield>
   <subfield code="z">3</subfield>
   <subfield code="2">pdager</subfield>
  </datafield>
  <datafield tag="583" ind1="1" ind2=" ">
   <subfield code="a">Archivierung prüfen</subfield>
   <subfield code="c">20240324</subfield>
   <subfield code="f">DE-4165</subfield>
   <subfield code="z">2</subfield>
   <subfield code="2">pdager</subfield>
  </datafield>
  <datafield tag="653" ind1=" " ind2="0">
   <subfield code="a">Federico</subfield>
   <subfield code="a">da Montefeltro, Duke of Urbino</subfield>
   <subfield code="a">1422-1482</subfield>
  </datafield>
  <datafield tag="653" ind1=" " ind2="0">
   <subfield code="a">Malatesta, Sigismondo Pandolfo</subfield>
   <subfield code="a">signore di Rimini</subfield>
   <subfield code="a">1417-1468</subfield>
  </datafield>
  <datafield tag="653" ind1=" " ind2="0">
   <subfield code="a">Urbino (Italy)</subfield>
   <subfield code="a">History</subfield>
  </datafield>
  <datafield tag="653" ind1=" " ind2="0">
   <subfield code="a">Rimini (Italy)</subfield>
   <subfield code="a">History</subfield>
  </datafield>
  <datafield tag="653" ind1=" " ind2="0">
   <subfield code="a">Italy</subfield>
   <subfield code="a">History</subfield>
   <subfield code="a">1268-1492</subfield>
  </datafield>
  <datafield tag="653" ind1=" " ind2="0">
   <subfield code="a">Condottieri</subfield>
   <subfield code="a">Biography</subfield>
  </datafield>
  <datafield tag="653" ind1=" " ind2="0">
   <subfield code="a">Nobility</subfield>
   <subfield code="a">Italy</subfield>
   <subfield code="a">Biography</subfield>
  </datafield>
  <datafield tag="689" ind1="0" ind2="0">
   <subfield code="d">p</subfield>
   <subfield code="0">(DE-588)118967444</subfield>
   <subfield code="0">(DE-627)079747345</subfield>
   <subfield code="0">(DE-576)160917484</subfield>
   <subfield code="a">Montefeltro, Federigo da</subfield>
   <subfield code="d">1422-1482</subfield>
   <subfield code="2">gnd</subfield>
  </datafield>
  <datafield tag="689" ind1="0" ind2="1">
   <subfield code="d">p</subfield>
   <subfield code="0">(DE-588)118781391</subfield>
   <subfield code="0">(DE-627)145037096</subfield>
   <subfield code="0">(DE-576)209450665</subfield>
   <subfield code="a">Sigismondo</subfield>
   <subfield code="c">Malatesta</subfield>
   <subfield code="d">1417-1468</subfield>
   <subfield code="2">gnd</subfield>
  </datafield>
  <datafield tag="689" ind1="0" ind2=" ">
   <subfield code="5">DE-101</subfield>
  </datafield>
  <datafield tag="700" ind1="1" ind2=" ">
   <subfield code="8">2\p</subfield>
   <subfield code="a">Adams, Laurie</subfield>
   <subfield code="d">1941-</subfield>
   <subfield code="0">(DE-588)1089241267</subfield>
   <subfield code="0">(DE-627)853045933</subfield>
   <subfield code="0">(DE-576)459797972</subfield>
   <subfield code="4">aut</subfield>
  </datafield>
  <datafield tag="787" ind1="0" ind2="8">
   <subfield code="i">Rezension</subfield>
   <subfield code="a">Herzner-Kmentt, Irmlind Luise</subfield>
   <subfield code="t">[Rezension von: Maria Grazia Pernis und Laurie Schneider Adams, Federico da Montefeltro and Sigismondo Malatesta]</subfield>
   <subfield code="d">1998</subfield>
   <subfield code="w">(DE-627)1539411613</subfield>
   <subfield code="w">(DE-576)469411619</subfield>
  </datafield>
  <datafield tag="787" ind1="0" ind2="8">
   <subfield code="i">Rezensiert in</subfield>
   <subfield code="a">Clough, Cecil H.</subfield>
   <subfield code="t">[Rezension von: Pernis, Maria Grazia, Federico da Montefeltro and Sigismondo Malatesta: The Eagle and the Elephant]</subfield>
   <subfield code="d">1998</subfield>
   <subfield code="w">(DE-627)1802358102</subfield>
  </datafield>
  <datafield tag="830" ind1=" " ind2="0">
   <subfield code="a">Studies in Italian culture</subfield>
   <subfield code="v">20</subfield>
   <subfield code="9">20</subfield>
   <subfield code="w">(DE-627)514288639</subfield>
   <subfield code="w">(DE-576)021182280</subfield>
   <subfield code="w">(DE-600)2242113-0</subfield>
   <subfield code="x">1043-5794</subfield>
   <subfield code="7">ns</subfield>
  </datafield>
  <datafield tag="856" ind1="4" ind2="2">
   <subfield code="u">http://digitale-objekte.hbz-nrw.de/webclient/DeliveryManager?pid=2764656&amp;custom_att_2=simple_viewer</subfield>
   <subfield code="x">Verlag</subfield>
   <subfield code="y">Federico da Montefeltro &amp; Sigismondo Malatesta</subfield>
   <subfield code="3">Inhaltsverzeichnis</subfield>
  </datafield>
  <datafield tag="883" ind1=" " ind2=" ">
   <subfield code="8">1</subfield>
   <subfield code="a">cgwrk</subfield>
   <subfield code="d">20241001</subfield>
   <subfield code="q">DE-101</subfield>
   <subfield code="u">https://d-nb.info/provenance/plan#cgwrk</subfield>
  </datafield>
  <datafield tag="883" ind1=" " ind2=" ">
   <subfield code="8">2</subfield>
   <subfield code="a">cgwrk</subfield>
   <subfield code="d">20241001</subfield>
   <subfield code="q">DE-101</subfield>
   <subfield code="u">https://d-nb.info/provenance/plan#cgwrk</subfield>
  </datafield>
  <datafield tag="889" ind1=" " ind2=" ">
   <subfield code="w">(DE-627)184367271</subfield>
  </datafield>
  <datafield tag="935" ind1=" " ind2=" ">
   <subfield code="i">mdedup</subfield>
  </datafield>
  <datafield tag="935" ind1=" " ind2=" ">
   <subfield code="i">Blocktest</subfield>
  </datafield>
  <datafield tag="936" ind1="r" ind2="v">
   <subfield code="a">LN 10240</subfield>
   <subfield code="b">Quattrocento (Frührenaissance)</subfield>
   <subfield code="k">Kunstgeschichte</subfield>
   <subfield code="k">Kunst nach Ländern bzw. Kontinenten</subfield>
   <subfield code="k">Italien</subfield>
   <subfield code="k">Italienische Kunstgeschichte einzelner Epochen</subfield>
   <subfield code="k">Quattrocento (Frührenaissance)</subfield>
   <subfield code="0">(DE-627)1271158280</subfield>
   <subfield code="0">(DE-625)rvk/101869:</subfield>
   <subfield code="0">(DE-576)201158280</subfield>
  </datafield>
  <datafield tag="936" ind1="r" ind2="v">
   <subfield code="a">NN 1625</subfield>
   <subfield code="b">Montefeltro, Federico di</subfield>
   <subfield code="k">Geschichte</subfield>
   <subfield code="k">Neuere Geschichte</subfield>
   <subfield code="k">Zeitalter der Entdeckungen und der Glaubensspaltung (bis 1648)</subfield>
   <subfield code="k">Renaissance und Humanismus</subfield>
   <subfield code="k">Italien</subfield>
   <subfield code="k">Persönlichkeiten</subfield>
   <subfield code="k">Einzelne Persönlichkeiten (Quellen, Darstellungen, Werke)</subfield>
   <subfield code="k">Montefeltro, Federico di</subfield>
   <subfield code="0">(DE-627)1271465035</subfield>
   <subfield code="0">(DE-625)rvk/126580:</subfield>
   <subfield code="0">(DE-576)201465035</subfield>
  </datafield>
  <datafield tag="936" ind1="r" ind2="v">
   <subfield code="a">NN 1645</subfield>
   <subfield code="b">Sonstige</subfield>
   <subfield code="k">Geschichte</subfield>
   <subfield code="k">Neuere Geschichte</subfield>
   <subfield code="k">Zeitalter der Entdeckungen und der Glaubensspaltung (bis 1648)</subfield>
   <subfield code="k">Renaissance und Humanismus</subfield>
   <subfield code="k">Italien</subfield>
   <subfield code="k">Persönlichkeiten</subfield>
   <subfield code="k">Einzelne Persönlichkeiten (Quellen, Darstellungen, Werke)</subfield>
   <subfield code="k">Sonstige</subfield>
   <subfield code="0">(DE-627)1271465477</subfield>
   <subfield code="0">(DE-625)rvk/126593:</subfield>
   <subfield code="0">(DE-576)201465477</subfield>
  </datafield>
  <datafield tag="936" ind1="b" ind2="k">
   <subfield code="a">18.27</subfield>
   <subfield code="j">Italienische Literatur</subfield>
   <subfield code="0">(DE-627)106405462</subfield>
  </datafield>
  <datafield tag="936" ind1="b" ind2="k">
   <subfield code="a">17.90</subfield>
   <subfield code="j">Literatur in Beziehung zu anderen Bereichen von Wissenschaft und Kultur</subfield>
   <subfield code="0">(DE-627)106404385</subfield>
  </datafield>
  <datafield tag="951" ind1=" " ind2=" ">
   <subfield code="a">BO</subfield>
  </datafield>
  <datafield tag="990" ind1=" " ind2=" ">
   <subfield code="a">Montefeltro, Federigo da</subfield>
  </datafield>
  <datafield tag="990" ind1=" " ind2=" ">
   <subfield code="a">Sigismondo &lt;Malatesta&gt; </subfield>
  </datafield>
  <datafield tag="991" ind1=" " ind2=" ">
   <subfield code="a">Rezensiertes Werk</subfield>
  </datafield>
  <datafield tag="999" ind1=" " ind2=" ">
   <subfield code="a">KXP-PPN276305213</subfield>
   <subfield code="e">4012663534</subfield>
  </datafield>
 </record>
</collection>
